La olvidada expedición a Santo Domingo en 1959 / (Registro nro. 13272)

Detalles MARC
000 -CABECERA
campo de control de longitud fija 03133nam a2200397 a 4500
003 - IDENTIFICADOR DEL NÚMERO DE CONTROL
campo de control DO-SdBPM
005 - FECHA Y HORA DE LA ÚLTIMA TRANSACCIÓN
campo de control 20250730112419.0
007 - CAMPO FIJO DE DESCRIPCIÓN FÍSICA--INFORMACIÓN GENERAL
campo de control de longitud fija ta
008 - DATOS DE LONGITUD FIJA--INFORMACIÓN GENERAL
campo de control de longitud fija 220615e2015 dr aoh|gr|||| 001 edspa d
020 ## - NÚMERO INTERNACIONAL ESTÁNDAR DEL LIBRO
Número Internacional Estándar del Libro 9789945586244
040 ## - FUENTE DE LA CATALOGACIÓN
Centro catalogador/agencia de origen DO-SdBPM
Lengua de catalogación spa
Centro/agencia transcriptor BPMSI
Normas de descripción rda
082 #4 - NÚMERO DE LA CLASIFICACIÓN DECIMAL DEWEY
Número de clasificación 972.93053
Número de documento/Ítem B673o 2015
Número de edición 22
100 1# - ENTRADA PRINCIPAL--NOMBRE DE PERSONA
Nombre de persona Bofill Pérez, María Antonia,
Fechas asociadas al nombre 1954-
Término indicativo de función/relación autor
245 13 - MENCIÓN DE TÍTULO
Título La olvidada expedición a Santo Domingo en 1959 /
Mención de responsabilidad, etc. María Antonia Bofill Pérez ; presentación, Miguelina Crespo V.; Edición y corrección, William Capellán Ferreira, Daniel García Santos
250 ## - MENCIÓN DE EDICIÓN
Mención de edición 2da. ed.
260 ## - PUBLICACIÓN, DISTRIBUCIÓN, ETC.
Nombre del editor, distribuidor, etc.
264 ## - PRODUCCIÓN, PUBLICACIÓN, DISTRIBUCIÓN, FABRICACIÓN Y COPYRIGHT
Producción, publicación, distribución, fabricación y copyright Santo Domingo :
Nombre del de productor, editor, distribuidor, fabricante Comisión Permanente de Efemérides Patrias,
Fecha de producción, publicación, distribución, fabricación o copyright 2015
300 ## - DESCRIPCIÓN FÍSICA
Extensión 195 páginas :
Otras características físicas ilustraciones, fotorgrafía ;
Dimensiones 23 cm.
336 ## - TIPO DE CONTENIDO
Término de tipo de contenido texto
Código de tipo de contenido txt
Fuente rdacontent
337 ## - TIPO DE MEDIO
Nombre/término del tipo de medio sin mediación
Código del tipo de medio n
Fuente rdamedia
338 ## - TIPO DE SOPORTE
Nombre/término del tipo de soporte volumen
Código del tipo de soporte nc
Fuente rdacarrier
490 0# - MENCIÓN DE SERIE
Mención de serie Comisión Permanente de Efemérides Patrias,
Designación de volumen o secuencia 229
500 ## - NOTA GENERAL
Nota general Incluye datos biográficos del autor en la solapa de la cubierta
500 ## - NOTA GENERAL
Nota general Incluye índice onomástico,
504 ## - NOTA DE BIBLIOGRAFÍA, ETC.
Nota de bibliografía, etc. Bibliografía: páginas. 183- 184
505 0# - NOTA DE CONTENIDO CON FORMATO
Nota de contenido con formato Presentación / Ángela Peña, 11.-- A modo de presentación, 15.-- Antecedentes. Fidel en el proceso de Cayo Confites, año 1947, 24.-- Las victorias del Ejército Rebelde, 27.-- Triunfo de la Revolución Cubana, 29.-- Los que estuvieron en Mil Cumbres, testimonios de los participantes en los hechos, 32.-- Primeras acciones para la salida, 38.-- Los hechos. Lugar y fecha de la salida, 48.-- Rumbo este, hacia el Paso de los Vientos, 53.-- Se traspasan la cortina de acero, 54.-- Las consecuencias. El desembarco lo hicimos por Haití, 61.--Y... que estos días serían recordados, 67.-- La invasión del Argelino, 70.-- Empecé a soñar que nos estaban atacando, 75.-- La captura, 82.-- Los expedicionarios narran sus vivencias en las carceles de Haití, 87.-- Retorno a casa. La llegada a Cuba, 98.-- Los recuerdos, 108.-- Los expedicionarios. Relación de los expedicionarios del 10 de agosto de 1959, 113.-- Biografías de los inmolados, 115.-- A modo de conclusión. Entrevista íntegra realizada por María Antonia Bofill Pérez a Delio Gómez Ochoa [...], 154.-- De la entrevista a Roberto Fajardo Soto, 162.-- Anexos. Carta de José Ramón Fernández Mengual a Delio Gómez Ochoa [...], 167.-- Recorte del periódico El Mundo: «Cubanos prisioneros», 168.-- Propuestas de condecoraciones, 171.-- «El Gaucho», tomado de Ese hombre y otros papeles personales, de Rodolfo Walsh, 177.-- Carta de los dominicanos a los puertopradenses, 182.-- Bibliografía, 183.
590 ## - NOTA LOCAL (RLIN)
Nota local Inventariado 2025 /VM
651 #7 - PUNTO DE ACCESO ADICIONAL DE MATERIA--NOMBRE GEOGRÁFICO
Nombre geográfico Santo Domingo (República Domincana)
Subdivisión general Historia
Subdivisión cronológica Era de Trujillo 1930-1961
Subdivisión de forma
651 #7 - PUNTO DE ACCESO ADICIONAL DE MATERIA--NOMBRE GEOGRÁFICO
Nombre geográfico República Dominicana
Subdivisión general Historia
Subdivisión cronológica Expedición de junio 1959
700 1# - PUNTO DE ACCESO ADICIONAL--NOMBRE DE PERSONA
Nombre de persona Crespo V., Miguelina
Término indicativo de función/relación presentación
700 1# - PUNTO DE ACCESO ADICIONAL--NOMBRE DE PERSONA
Nombre de persona Capellán Ferreira, William
Término indicativo de función/relación editor
700 1# - PUNTO DE ACCESO ADICIONAL--NOMBRE DE PERSONA
Nombre de persona García Santos, Daniel
Término indicativo de función/relación editor
710 2# - PUNTO DE ACCESO ADICIONAL--NOMBRE DE ENTIDAD CORPORATIVA
Nombre de entidad corporativa o nombre de jurisdicción como elemento de entrada República Dominicana.
Unidad subordinada Archivo General de la Nación
910 ## - DATOS DE OPCIÓN DEL USUARIO (OCLC)
Datos de opción del usuario VMateo V. Control de calidad. BPMSU
942 ## - ELEMENTOS DE PUNTO DE ACCESO ADICIONAL (KOHA)
Fuente del sistema de clasificación o colocación Dewey Decimal Classification
Tipo de ítem Koha Libros
Existencias
Estado de retiro Estado de pérdida Fuente del sistema de clasificación o colocación No para préstamo Código de colección Localización permanente Ubicación/localización actual Fecha de adquisición Fuente de adquisición Total de préstamos Signatura topográfica completa Código de barras Fecha visto por última vez Precio válido a partir de Tipo de ítem Koha
    Dewey Decimal Classification   Colección Dominicana Biblioteca Pública Metropolitana Salomé Ureña Biblioteca Pública Metropolitana Salomé Ureña 02/07/2018 Archivo General de la Nación   BPMSU CG 972.93053 B673o 2015 BPMSU18020094 02/07/2018 02/07/2018 Libros